[Event "Buryatia-ch Superfinal 2nd"]
[Site "Ulan-Ude"]
[Date "2014.01.05"]
[Round "1"]
[White "Rinchinov, Beligto"]
[Black "Badmatsyrenov, Oleg"]
[Result "0-1"]
[WhiteElo "2036"]
[BlackElo "2493"]
[PlyCount "82"]
[EventDate "2014.01.05"]
[EventType "swiss"]
[EventRounds "9"]
[EventCountry "RUS"]
[SourceTitle "EXT 2015"]
[Source "ChessBase"]
[SourceDate "2014.11.20"]
[SourceVersion "1"]
[SourceVersionDate "2014.11.20"]
[SourceQuality "1"]

1. c4 g6 2. Nf3 Bg7 3. g3 c5 4. Bg2 Nc6 5. 0-0 Nh6 6. Nc3 0-0 7. d3 d6 8. Rb1 f5 9. a3 a5 10. Nd5 Nf7 11. Bd2 e6 12. Nf4 g5 13. Nh5 Bh8 14. Qc1 h6 15. h4 g4 16. Ne1 Nd4 17. Qd1 e5 18. e3 Nc6 19. f3 gxf3 20. Bxf3 Qe7 21. Bc3 Kh7 22. Ng2 Rg8 23. Kh2 Bd7 24. Qe1 Raf8 25. e4 f4 26. gxf4 exf4 27. e5 Bxe5 28. Be4+ Kh8 29. Ngxf4 Nd4 30. Kh1 Nd8 31. Ng2 Rxf1+ 32. Qxf1 Be8 33. Qc1 Qf8 34. Nhf4 Qf6 35. Qe3 N8e6 36. Nd5 Qf8 37. b4 Rg3 38. Qxg3 Bxg3 39. bxa5 Be5 40. Nde3 Qg7 41. Be1 Nd8 0-1

[Event "Ulan-Ude Buryatia-ch"]
[Site "Ulan-Ude"]
[Date "2013.08.26"]
[Round "6"]
[White "Andreev, Afrikan"]
[Black "Rinchinov, Beligto"]
[Result "1-0"]
[WhiteElo "2198"]
[BlackElo "2042"]
[PlyCount "71"]
[EventDate "2013.08.22"]
[EventType "swiss"]
[EventRounds "9"]
[EventCountry "RUS"]
[SourceTitle "CBM 156 Extra"]
[Source "ChessBase"]
[SourceDate "2013.10.22"]
[SourceVersion "1"]
[SourceVersionDate "2013.10.22"]
[SourceQuality "1"]

1. d4 Nf6 2. c4 g6 3. g3 Bg7 4. Bg2 0-0 5. Nf3 d6 6. 0-0 Nbd7 7. Nc3 e5 8. e4 c6 9. h3 Qb6 10. dxe5 dxe5 11. Qc2 a5 12. Na4 Qa6 13. c5 b5 14. cxb6 Nxb6 15. Nxb6 Qxb6 16. Nxe5 Ba6 17. Re1 Rfe8 18. Be3 Qb5 19. f4 Nh5 20. a4 Qb7 21. Nxc6 Qxb2 22. Qxb2 Bxb2 23. Rab1 Bc3 24. Rec1 Nxg3 25. Bf3 Be2 26. Bg2 Ba6 27. e5 Ne2+ 28. Kf2 Rac8 29. Rc2 Bd3 30. Rbc1 Rxc6 31. Bxc6 Rc8 32. Rxc3 Nxc3 33. Rxc3 Be4 34. Bxe4 Rxc3 35. Bd5 Rd3 36. Bc4 1-0

[Event "Ulan-Ude Buryatia-ch"]
[Site "Ulan-Ude"]
[Date "2013.08.24"]
[Round "4"]
[White "Tsydypov, Zhamsaran"]
[Black "Rinchinov, Beligto"]
[Result "1/2-1/2"]
[WhiteElo "2392"]
[BlackElo "2042"]
[PlyCount "109"]
[EventDate "2013.08.22"]
[EventType "swiss"]
[EventRounds "9"]
[EventCountry "RUS"]
[SourceTitle "CBM 156 Extra"]
[Source "ChessBase"]
[SourceDate "2013.10.22"]
[SourceVersion "1"]
[SourceVersionDate "2013.10.22"]
[SourceQuality "1"]

1. e4 c5 2. Nf3 d6 3. d4 cxd4 4. Nxd4 Nf6 5. Nc3 a6 6. Be2 e5 7. Nb3 Be7 8. 0-0 0-0 9. Re1 Be6 10. Bf3 Nbd7 11. Be3 Rc8 12. a4 Nb6 13. Na5 Qc7 14. Qd2 Rfd8 15. Nd5 Bxd5 16. exd5 e4 17. Bxb6 Qxb6 18. Be2 e3 19. fxe3 Ne4 20. Qd4 Qxa5 21. Qxe4 Bg5 22. Bd3 g6 23. Qd4 Bh6 24. b4 Qc7 25. Rab1 Bg7 26. Qf4 Be5 27. Qf3 a5 28. Rf1 Rd7 29. Qg4 Ra8 30. h4 Re7 31. Rf3 axb4 32. Qxb4 Bc3 33. Qf4 Ra5 34. h5 Be5 35. Qh4 Rxd5 36. hxg6 hxg6 37. Be4 Bh2+ 38. Qxh2 Rxe4 39. Rh3 Qc3 40. Qg3 Qxc2 41. Rxb7 Qxa4 42. Kh2 Kg7 43. Qf2 Rf5 44. Qb2+ Ree5 45. Rb4 Qc6 46. Rf4 Qb5 47. Qa1 Qa5 48. Qb2 Rg5 49. g4 Qb5 50. Qf2 Qd5 51. Qb2 Qb5 52. Qf2 Qd5 53. Rb4 Re4 54. Rxe4 Qxe4 55. Rh7+ 1/2-1/2

[Event "Ulan-Ude Bajkal op 9th"]
[Site "Ulan-Ude"]
[Date "2013.07.04"]
[Round "4"]
[White "Munkhbayar, Gijir"]
[Black "Rinchinov, Beligto"]
[Result "1-0"]
[WhiteElo "1923"]
[BlackElo "2049"]
[PlyCount "45"]
[EventDate "2013.07.01"]
[EventType "swiss"]
[EventRounds "9"]
[EventCountry "RUS"]
[SourceTitle "EXT 2014"]
[Source "ChessBase"]
[SourceDate "2013.11.20"]
[SourceVersion "1"]
[SourceVersionDate "2013.11.20"]
[SourceQuality "1"]

1. e4 c5 2. Nf3 d6 3. d4 cxd4 4. Nxd4 Nf6 5. Nc3 a6 6. Be3 e5 7. Nb3 Be6 8. Qd2 Be7 9. f4 Qc7 10. 0-0-0 Nbd7 11. f5 Bc4 12. Kb1 0-0 13. g4 Bxf1 14. Rhxf1 b5 15. a3 Qb7 16. Qg2 Ne8 17. g5 f6 18. g6 Nb6 19. Na5 Qc7 20. Bxb6 Qxb6 21. Nd5 Qxa5 22. Nxe7+ Kh8 23. gxh7 1-0

[Event "Ulan-Ude Bajkal op 9th"]
[Site "Ulan-Ude"]
[Date "2013.07.04"]
[Round "5"]
[White "Rinchinov, Beligto"]
[Black "Snetkov, Ivan"]
[Result "1-0"]
[WhiteElo "2049"]
[BlackElo "1944"]
[PlyCount "73"]
[EventDate "2013.07.01"]
[EventType "swiss"]
[EventRounds "9"]
[EventCountry "RUS"]
[SourceTitle "EXT 2014"]
[Source "ChessBase"]
[SourceDate "2013.11.20"]
[SourceVersion "1"]
[SourceVersionDate "2013.11.20"]
[SourceQuality "1"]

1. Nf3 c5 2. g3 g6 3. Bg2 Bg7 4. 0-0 Nc6 5. d3 d5 6. Nbd2 e6 7. e4 Nge7 8. c3 0-0 9. Qc2 b6 10. Rd1 Bb7 11. a4 Qc7 12. Nb3 Rfd8 13. a5 c4 14. axb6 axb6 15. Rxa8 Bxa8 16. dxc4 dxe4 17. Rxd8+ Qxd8 18. Nfd4 Nxd4 19. Nxd4 Nf5 20. Nxf5 gxf5 21. Be3 Bf8 22. b4 Bb7 23. Bf1 e5 24. Qd2 Qc7 25. Bg5 Qc6 26. b5 Qg6 27. Qd8 f4 28. Be7 Qh6 29. Bxf8 Qxf8 30. Qxb6 Ba8 31. c5 e3 32. c6 exf2+ 33. Qxf2 Qb8 34. c4 Kh8 35. Qc5 f6 36. c7 Qc8 37. Bh3 1-0

[Event "Buryatia-ch"]
[Site "Ulan-Ude"]
[Date "2012.09.29"]
[Round "4"]
[White "Khogoev, Yuriy"]
[Black "Rinchinov, Beligto"]
[Result "0-1"]
[WhiteElo "1834"]
[BlackElo "2048"]
[PlyCount "76"]
[EventDate "2012.09.22"]
[EventType "swiss"]
[EventRounds "9"]
[EventCountry "RUS"]
[SourceTitle "CBM 150 Extra"]
[Source "ChessBase"]
[SourceDate "2012.10.19"]
[SourceVersion "1"]
[SourceVersionDate "2012.10.19"]
[SourceQuality "1"]

1. e4 c5 2. d4 cxd4 3. c3 Nf6 4. e5 Nd5 5. cxd4 Nc6 6. Bc4 Nb6 7. Bb3 e6 8. Nf3 d5 9. 0-0 Be7 10. h3 0-0 11. Nc3 f5 12. exf6 Bxf6 13. Be3 Na5 14. Bc2 Nac4 15. Qd3 g6 16. Bh6 Rf7 17. b3 Nd6 18. Ne5 Bxe5 19. dxe5 Nf5 20. Bf4 Bd7 21. Rac1 Rc8 22. Rfd1 Bc6 23. Ne4 Qh4 24. Nf6+ Kg7 25. g4 Nd7 26. gxf5 Qxf4 27. Nxd7 Rxd7 28. fxg6 Qxe5 29. gxh7 Kh8 30. Qe3 Rg7+ 31. Kf1 Bb5+ 32. Bd3 Bxd3+ 33. Qxd3 Rf8 34. Qd4 Qh2 35. Rc3 e5 36. Qc5 Rgf7 37. Rc2 Qh1+ 38. Ke2 Rxf2+ 0-1

[Event "Buryatia-ch"]
[Site "Ulan-Ude"]
[Date "2012.09.27"]
[Round "6"]
[White "Andreev, Afrikan"]
[Black "Rinchinov, Beligto"]
[Result "1-0"]
[WhiteElo "2220"]
[BlackElo "2048"]
[PlyCount "95"]
[EventDate "2012.09.22"]
[EventType "swiss"]
[EventRounds "9"]
[EventCountry "RUS"]
[SourceTitle "CBM 150 Extra"]
[Source "ChessBase"]
[SourceDate "2012.10.19"]
[SourceVersion "1"]
[SourceVersionDate "2012.10.19"]
[SourceQuality "1"]

1. d4 Nf6 2. c4 g6 3. g3 Bg7 4. Bg2 d6 5. Nc3 0-0 6. Nf3 Nbd7 7. 0-0 e5 8. e4 c6 9. h3 Qb6 10. c5 dxc5 11. dxe5 Ne8 12. Na4 Qb5 13. Bg5 Nc7 14. Be7 Re8 15. Bd6 Ne6 16. Qc2 c4 17. Nc3 Qa6 18. Rfd1 Nef8 19. a4 Qa5 20. Qe2 Nxe5 21. Nxe5 Bxe5 22. Bxe5 Qxe5 23. Qxc4 Be6 24. Qb4 Qc7 25. a5 Rad8 26. Rac1 Rxd1+ 27. Rxd1 Nd7 28. f4 Nb8 29. Qc5 Qc8 30. Kh2 a6 31. Qd6 Bb3 32. Rd2 Qe6 33. e5 Qxd6 34. Rxd6 Bc2 35. Be4 Bb3 36. Bf3 Kg7 37. Ne4 Be6 38. Nc5 Re7 39. Bg4 Bxg4 40. hxg4 Re8 41. Nxb7 Kf8 42. Nc5 Ke7 43. Kg2 Rh8 44. f5 Rd8 45. Rxd8 Kxd8 46. e6 fxe6 47. fxe6 Ke7 48. g5 1-0

[Event "Buryatia-ch"]
[Site "Ulan-Ude"]
[Date "2012.09.26"]
[Round "5"]
[White "Rinchinov, Beligto"]
[Black "Zhaltsanov, Igor"]
[Result "1-0"]
[WhiteElo "2048"]
[BlackElo "1899"]
[PlyCount "135"]
[EventDate "2012.09.22"]
[EventType "swiss"]
[EventRounds "9"]
[EventCountry "RUS"]
[SourceTitle "CBM 150 Extra"]
[Source "ChessBase"]
[SourceDate "2012.10.19"]
[SourceVersion "1"]
[SourceVersionDate "2012.10.19"]
[SourceQuality "1"]

1. Nf3 c5 2. g3 b6 3. Bg2 Bb7 4. 0-0 Nf6 5. d3 e6 6. e4 d6 7. Nc3 Be7 8. Nh4 Nbd7 9. f4 Qc7 10. a4 a6 11. f5 Nf8 12. fxe6 fxe6 13. Be3 h6 14. Ne2 g5 15. Nf3 Ng6 16. b4 g4 17. Nh4 Nxh4 18. gxh4 Nh5 19. bxc5 bxc5 20. Nf4 Nxf4 21. Bxf4 h5 22. Bg3 Rf8 23. Rxf8+ Bxf8 24. h3 Qg7 25. hxg4 hxg4 26. Rb1 Bc6 27. Rb6 Qd4+ 28. Kh2 Qxa4 29. Qxg4 Kd7 30. c4 Re8 31. h5 Kc7 32. Rb2 Qa1 33. Qe2 a5 34. e5 d5 35. Ra2 Qd4 36. Rxa5 Rb8 37. Ra7+ Rb7 38. Rxb7+ Bxb7 39. Qf3 Bh6 40. Qf7+ Kb8 41. cxd5 Bxd5 42. Bxd5 Qxd5 43. Qg8+ Kb7 44. Qh7+ Ka8 45. Qxh6 Qxd3 46. Qf8+ Kb7 47. Qxc5 Qe2+ 48. Qf2 Qxh5+ 49. Kg2 Qe8 50. Qf3+ Kb8 51. Qg4 Kc7 52. Kh3 Qf7 53. Bf4 Kc6 54. Kh4 Kd7 55. Qg5 Qh7+ 56. Kg4 Qe4 57. Qg7+ Ke8 58. Qg8+ Ke7 59. Qg5+ Kd7 60. Qf6 Qg2+ 61. Kh5 Qh3+ 62. Kg6 Qg4+ 63. Bg5 Qe4+ 64. Kg7 Qg4 65. Qe7+ Kc6 66. Kf7 Kd5 67. Qd6+ Ke4 68. Qb4+ 1-0

[Event "Ulan-Ude op"]
[Site "Ulan-Ude"]
[Date "2012.07.29"]
[Round "9"]
[White "Rinchinov, Beligto"]
[Black "Samdanov, Samdan"]
[Result "1/2-1/2"]
[WhiteElo "2033"]
[BlackElo "2166"]
[PlyCount "105"]
[EventDate "2012.07.24"]
[EventType "swiss"]
[EventRounds "9"]
[EventCountry "RUS"]
[SourceTitle "EXT 2013"]
[Source "ChessBase"]
[SourceDate "2012.11.22"]
[SourceVersion "1"]
[SourceVersionDate "2012.11.22"]
[SourceQuality "1"]

1. c4 e5 2. g3 Nf6 3. Bg2 d5 4. cxd5 Nxd5 5. Nc3 Nb6 6. Nf3 Nc6 7. 0-0 Be7 8. a3 a5 9. d3 0-0 10. Be3 Re8 11. Rc1 Bf8 12. Ne4 Nd4 13. Bxd4 exd4 14. Qc2 c6 15. Rfe1 a4 16. Nc5 Ra5 17. b4 axb3 18. Nxb3 Rd5 19. Ra1 g6 20. Nfd2 Rde5 21. Nf3 Rd5 22. Nfd2 Rh5 23. e3 dxe3 24. fxe3 Bg7 25. d4 Bf5 26. Qc1 Bh6 27. e4 Be6 28. Qc3 Na4 29. Qd3 Rb5 30. Rab1 Nb6 31. Bf1 f5 32. Nc5 fxe4 33. Ndxe4 Rxb1 34. Rxb1 Bf5 35. Nxb7 Qe7 36. Nbd6 Bxe4 37. Nxe4 Nd5 38. Bg2 Ra8 39. Nc5 Qe3+ 40. Kh1 Qxd3 41. Nxd3 Rxa3 42. Ne5 Rc3 43. Nxc6 Ne3 44. Ne5 Bf8 45. Nf3 Bd6 46. Bh3 Kg7 47. Kg1 Nf5 48. Ng5 Nxd4 49. Rb7+ Rc7 50. Rxc7+ Bxc7 51. Ne6+ Nxe6 52. Bxe6 h5 53. Kg2 1/2-1/2

[Event "Ulan-Ude VIII festival Baikal"]
[Site "Ulan-Ude"]
[Date "2012.06.28"]
[Round "4.6"]
[White "Rinchinov, Beligto"]
[Black "Chuluun, Gonchigdorj"]
[Result "0-1"]
[WhiteElo "2001"]
[BlackElo "2028"]
[PlyCount "122"]
[EventDate "2012.06.26"]
[EventType "swiss"]
[EventRounds "9"]
[EventCountry "RUS"]
[SourceTitle "EXT 2022"]
[Source "ChessBase"]
[SourceDate "2021.10.06"]
[SourceVersion "1"]
[SourceVersionDate "2021.10.06"]
[SourceQuality "1"]

1. c4 f5 2. Nc3 b6 3. d3 Nf6 4. e4 d6 5. Nf3 e5 6. Be2 Be7 7. 0-0 0-0 8. Qc2 c5 9. Rb1 Nc6 10. a3 Nd4 11. Nxd4 exd4 12. Nd5 fxe4 13. dxe4 Ng4 14. h3 Ne5 15. f4 Nc6 16. Bd3 h6 17. b4 Be6 18. Qe2 Qd7 19. b5 Nd8 20. e5 dxe5 21. Nxe7+ Qxe7 22. Qxe5 Qf7 23. f5 Bxc4 24. Bxc4 Qxc4 25. Rf3 Nf7 26. Qg3 Qc2 27. f6 g5 28. Ra1 Rae8 29. h4 Qe4 30. hxg5 Qe1+ 31. Qxe1 Rxe1+ 32. Kf2 Re6 33. gxh6 Ne5 34. Rg3+ Kh8 35. Bg5 Nf7 36. Bh4 Re4 37. Rh3 Rf4+ 38. Kg3 Re4 39. Kf2 Rfe8 40. Rhh1 Re2+ 41. Kf3 R8e3+ 42. Kf4 Kh7 43. Rhf1 Kxh6 44. Rf3 Re4+ 45. Kg3 Kg6 46. Kh3 R2e3 47. Kg3 c4 48. Rxe3 dxe3 49. Kh3 e2 50. Be1 Kxf6 51. Kg3 Kf5 52. a4 Ne5 53. a5 Nd3 54. axb6 Re3+ 55. Kh4 axb6 56. g4+ Ke4 57. g5 Kf5 58. Rb1 Nxe1 59. Rxe1 c3 60. g6 Kxg6 61. Kg4 c2 0-1

[Event "Ulan-Ude Baikal Harbor"]
[Site "Ulan-Ude"]
[Date "2011.12.19"]
[Round "4"]
[White "Rinchinov, Beligto"]
[Black "Snetkov, Ivan"]
[Result "1-0"]
[WhiteElo "2001"]
[BlackElo "1704"]
[PlyCount "57"]
[EventDate "2011.12.17"]
[EventType "swiss"]
[EventRounds "9"]
[EventCountry "RUS"]
[SourceTitle "EXT 2022"]
[Source "ChessBase"]
[SourceDate "2021.10.06"]
[SourceVersion "1"]
[SourceVersionDate "2021.10.06"]
[SourceQuality "1"]

1. Nf3 Nf6 2. d4 d5 3. c4 c6 4. g3 e6 5. Bg2 Bd6 6. 0-0 0-0 7. Qc2 Re8 8. b3 Nbd7 9. Bb2 e5 10. dxe5 Nxe5 11. Nbd2 dxc4 12. Nxc4 Nxc4 13. bxc4 Qe7 14. Rfd1 Ne4 15. Nd4 Bc5 16. e3 Ng5 17. Nf5 Bxf5 18. Qxf5 Rad8 19. h4 Ne6 20. Be4 Nf8 21. Bc2 Qc7 22. Qxc5 b6 23. Qg5 f6 24. Qg4 Nd7 25. Qf5 Ne5 26. Qxh7+ Kf7 27. Bxe5 Rxe5 28. Bg6+ Ke6 29. Rxd8 1-0

[Event "Buryatia-ch"]
[Site "Ulan-Ude"]
[Date "2011.08.30"]
[Round "9"]
[White "Andreev, Afrikan"]
[Black "Rinchinov, Beligto"]
[Result "1-0"]
[WhiteElo "2278"]
[BlackElo "2001"]
[PlyCount "49"]
[EventDate "2011.08.24"]
[EventType "swiss"]
[EventRounds "9"]
[EventCountry "RUS"]
[SourceTitle "EXT 2022"]
[Source "ChessBase"]
[SourceDate "2021.10.06"]
[SourceVersion "1"]
[SourceVersionDate "2021.10.06"]
[SourceQuality "1"]

1. d4 Nf6 2. Nf3 g6 3. g3 Bg7 4. Bg2 0-0 5. 0-0 d6 6. c4 Nbd7 7. Nc3 e5 8. e4 c6 9. h3 Re8 10. Re1 a5 11. b3 exd4 12. Nxd4 Nc5 13. Qc2 Nfxe4 14. Nxe4 Bxd4 15. Bg5 f6 16. Bxf6 Bxf6 17. Nxf6+ Qxf6 18. Rxe8+ Kf7 19. Rae1 Bf5 20. Qe2 Rxe8 21. Qxe8+ Kg7 22. Re7+ Kh6 23. Rf7 Qd4 24. Qf8+ Kg5 25. Qe7+ 1-0

[Event "Ulan-Ude op"]
[Site "Ulan-Ude"]
[Date "2011.01.18"]
[Round "5"]
[White "Kharakhinov, Aldar"]
[Black "Rinchinov, Beligto"]
[Result "0-1"]
[WhiteElo "2024"]
[BlackElo "1965"]
[PlyCount "192"]
[EventDate "2011.01.15"]
[EventType "swiss"]
[EventRounds "9"]
[EventCountry "RUS"]
[SourceTitle "CBM 140 Extra"]
[Source "ChessBase"]
[SourceDate "2011.03.01"]
[SourceVersion "1"]
[SourceVersionDate "2011.03.01"]
[SourceQuality "1"]

1. d4 Nf6 2. c4 g6 3. Nc3 Bg7 4. e4 d6 5. Nf3 0-0 6. Be2 e5 7. 0-0 Nc6 8. d5 Ne7 9. b4 Nh5 10. Re1 h6 11. c5 f5 12. Nd2 Nf4 13. cxd6 Nxe2+ 14. Qxe2 cxd6 15. Nc4 f4 16. f3 g5 17. Nb5 Rf6 18. a4 h5 19. Ba3 g4 20. Nd2 Ng6 21. Rac1 Nh4 22. Nc7 Rb8 23. Ne6 Bxe6 24. dxe6 Rg6 25. Kh1 gxf3 26. gxf3 Rg2 27. Qd3 Qe7 28. Rg1 Rxg1+ 29. Rxg1 Qxe6 30. b5 Rd8 31. Qd5 Qxd5 32. exd5 Kh7 33. Rf1 Bf8 34. Rc1 Rd7 35. Ne4 Kg6 36. Rc8 Be7 37. Rc3 Kf5 38. Nd2 Kg6 39. Ne4 Nf5 40. Rc8 Nd4 41. Kg2 Kf7 42. Bb4 Nf5 43. Bd2 Nh4+ 44. Kf2 Bd8 45. a5 Nf5 46. Bb4 Bh4+ 47. Kg2 Ne3+ 48. Kh3 Be7 49. Nc3 Nc2 50. Na2 Nd4 51. b6 axb6 52. axb6 Bd8 53. Nc3 Bxb6 54. Ne4 Nf5 55. Rh8 h4 56. Rh7+ Ng7 57. Nxd6+ Kg6 58. Rxh4 Bd8 59. Rg4+ Kh7 60. Kg2 Nh5 61. Ne4 Rxd5 62. Ng5+ Bxg5 63. Rxg5 Kh6 64. Rg8 Rb5 65. Bc3 Nf6 66. Rd8 Kg6 67. Rd2 Nd5 68. Ba1 Ne3+ 69. Kf2 Kf5 70. Re2 Rb1 71. Ra2 Rh1 72. Ra5 Nc4 73. Rc5 b5 74. Bc3 Rxh2+ 75. Kg1 Re2 76. Rxb5 Re3 77. Bd4 Rd3 78. Ba7 Rxf3 79. Bb8 Re3 80. Kf2 Ra3 81. Rc5 Ra2+ 82. Ke1 Ra4 83. Rb5 Ra5 84. Rxa5 Nxa5 85. Kf2 Ke4 86. Bd6 Nc4 87. Bc5 Nb2 88. Be7 Nd3+ 89. Ke2 f3+ 90. Kd2 Nf4 91. Bh4 Nh5 92. Ke1 Kf4 93. Bd8 Ng3 94. Bc7 Ne4 95. Kf1 f2 96. Ke2 Kg3 0-1